| 000 | 00590nam a2200205 a 4500 | ||
|---|---|---|---|
| 001 | 5409 | ||
| 003 | CDMR | ||
| 005 | 20131126165858.0 | ||
| 008 | 130130s1991||||||||||||||||||||||||||||d | ||
| 020 | _a848717504X | ||
| 040 |
_aCDMR _bcat _cCDMR |
||
| 245 | 0 | _aPeriodismo y justicia | |
| 260 |
_aZaragoza _c1991 _bAsociación de la Prensa de Aragón |
||
| 300 | _a258 p. | ||
| 490 | 0 |
_aCuadernos de periodismo _v2 |
|
| 650 | 0 | 4 |
_93564 _aPeriodisme _xFonts d'informació |
| 650 | 0 | 4 |
_93208 _aPeriodisme _xDret i legislació |
| 710 | 2 |
_94394 _aAsociación de la Prensa de Aragón |
|
| 942 |
_cMON _2udc |
||
| 999 |
_c5409 _d5409 |
||